[Event "Grand Pacific op"]
[Site "Victoria CAN"]
[Date "2012.04.08"]
[Round "4"]
[White "Haynes, Nicolas"]
[Black "Chek, Adrian Carl"]
[Result "1-0"]
[WhiteElo "2192"]
[BlackElo "2089"]
[PlyCount "75"]
[GameId "2160767909509886"]
[EventDate "2012.04.06"]
[EventType "swiss"]
[EventRounds "6"]
[EventCountry "CAN"]
[SourceTitle "CBM 147 Extra"]
[Source "ChessBase"]
[SourceDate "2012.04.24"]
[SourceVersion "1"]
[SourceVersionDate "2012.04.24"]
[SourceQuality "1"]

1. d4 d5 2. Nf3 e6 3. Bf4 Nf6 4. e3 c5 5. c3 Be7 6. h3 Nc6 7. Nbd2 O-O 8. Bd3 b6 9. O-O Bb7 10. Qe2 Rc8 11. dxc5 Bxc5 12. e4 dxe4 13. Nxe4 Nxe4 14. Qxe4 g6 15. Bh6 Re8 16. Rad1 Qe7 17. Qg4 Qf6 18. Be4 Qe7 19. b4 Bd6 20. Bg5 Qf8 21. Qh4 f5 22. Bb1 Rc7 23. a3 Ne5 24. Nd4 Bd5 25. Nb5 Rc4 26. f4 Nf7 27. Ba2 Be7 28. Bxc4 Bxc4 29. Nc7 Bxg5 30. fxg5 Bxf1 31. Nxe8 Qxe8 32. Rxf1 Qc6 33. Qd4 e5 34. Qd2 e4 35. Qd4 Qe6 36. c4 Kf8 37. c5 Ne5 38. Qxe4 1-0

[Event "Grand Pacific op"]
[Site "Victoria CAN"]
[Date "2012.04.08"]
[Round "4"]
[White "Kenney, Jason"]
[Black "Nakamura, Hikaru"]
[Result "0-1"]
[WhiteElo "2143"]
[BlackElo "2771"]
[PlyCount "60"]
[GameId "2160767909509887"]
[EventDate "2012.04.06"]
[EventType "swiss"]
[EventRounds "6"]
[EventCountry "CAN"]
[SourceTitle "CBM 147 Extra"]
[Source "ChessBase"]
[SourceDate "2012.04.24"]
[SourceVersion "1"]
[SourceVersionDate "2012.04.24"]
[SourceQuality "1"]

1. d4 Nf6 2. c4 Nc6 3. Nf3 e6 4. g3 d5 5. cxd5 exd5 6. Bg2 Bd6 7. O-O h6 8. Nc3 O-O 9. a3 Re8 10. Nb5 Ne4 11. Nxd6 Nxd6 12. Ne5 Ne7 13. b3 c6 14. a4 a5 15. Ba3 Nef5 16. e3 Ne4 17. b4 axb4 18. Bxb4 Nfd6 19. Qe2 f6 20. Nd3 b6 21. Rfc1 Nc4 22. Nf4 Qd7 23. Rxc4 Ba6 24. Bh3 Qf7 25. Bf5 Bxc4 26. Qg4 c5 27. Be1 cxd4 28. exd4 g5 29. Bb4 h5 30. Nxh5 Nxf2 0-1

[Event "Grand Pacific op"]
[Site "Victoria CAN"]
[Date "2012.04.08"]
[Round "4"]
[White "Kostadinov, George"]
[Black "Richardson, Ross"]
[Result "1-0"]
[WhiteElo "2097"]
[BlackElo "1926"]
[PlyCount "48"]
[GameId "2160767909509888"]
[EventDate "2012.04.06"]
[EventType "swiss"]
[EventRounds "6"]
[EventCountry "CAN"]
[SourceTitle "CBM 147 Extra"]
[Source "ChessBase"]
[SourceDate "2012.04.24"]
[SourceVersion "1"]
[SourceVersionDate "2012.04.24"]
[SourceQuality "1"]

1. d4 Nf6 2. c4 g6 3. Nc3 Bg7 4. e4 d6 5. f3 O-O 6. Be3 Nc6 7. Nge2 a6 8. Qd2 Rb8 9. Ng3 e5 10. d5 Nd4 11. Bd3 Bd7 12. Nge2 c5 13. dxc6 bxc6 14. Nxd4 exd4 15. Bxd4 d5 16. O-O-O Nxe4 17. Bxe4 Bxd4 18. Qxd4 dxe4 19. Qxd7 Qg5+ 20. Qd2 e3 21. Qe2 Rb4 22. Rd3 Rfb8 23. b3 Re8 24. Re1 Rbb8 1-0

[Event "Grand Pacific op"]
[Site "Victoria CAN"]
[Date "2012.04.08"]
[Round "4"]
[White "Moffat, Andrei"]
[Black "Maisuradze, Nino"]
[Result "0-1"]
[WhiteElo "2105"]
[BlackElo "2320"]
[PlyCount "48"]
[GameId "2160767909509889"]
[EventDate "2012.04.06"]
[EventType "swiss"]
[EventRounds "6"]
[EventCountry "CAN"]
[SourceTitle "CBM 147 Extra"]
[Source "ChessBase"]
[SourceDate "2012.04.24"]
[SourceVersion "1"]
[SourceVersionDate "2012.04.24"]
[SourceQuality "1"]

1. e4 c5 2. Nf3 Nc6 3. d4 cxd4 4. Nxd4 e5 5. Nb5 d6 6. c4 Be7 7. b3 Nf6 8. Bd3 O-O 9. O-O Be6 10. N1c3 a6 11. Na3 Nb4 12. Bb2 Nxd3 13. Qxd3 Nh5 14. Ne2 f5 15. Rad1 Qe8 16. exf5 Rxf5 17. Nc2 Rd8 18. Ne3 Rf7 19. Qe4 Bg5 20. Rd2 Bf5 21. Qd5 Nf6 22. Qf3 Bg4 23. Qg3 h5 24. Nxg4 Ne4 0-1

[Event "Grand Pacific op"]
[Site "Victoria CAN"]
[Date "2012.04.08"]
[Round "4"]
[White "Murray, Mike"]
[Black "Sohal, Tanraj"]
[Result "0-1"]
[WhiteElo "2007"]
[BlackElo "2096"]
[PlyCount "86"]
[GameId "2160767909509890"]
[EventDate "2012.04.06"]
[EventType "swiss"]
[EventRounds "6"]
[EventCountry "CAN"]
[SourceTitle "CBM 147 Extra"]
[Source "ChessBase"]
[SourceDate "2012.04.24"]
[SourceVersion "1"]
[SourceVersionDate "2012.04.24"]
[SourceQuality "1"]

1. Nc3 d5 2. e4 d4 3. Nce2 e5 4. Ng3 Be6 5. Nf3 Nd7 6. c3 c5 7. Bb5 f6 8. Qe2 Qb6 9. O-O a6 10. Bc4 Ne7 11. a4 Bxc4 12. Qxc4 Qc6 13. a5 h5 14. h4 g6 15. d3 Qb5 16. Qe6 Qxd3 17. cxd4 cxd4 18. Bd2 Rc8 19. Rfc1 Rxc1+ 20. Rxc1 Kd8 21. Bb4 Nc6 22. Bc5 Bxc5 23. Rxc5 Re8 24. Qd6 Kc8 25. Rd5 Rd8 26. Kh2 Qb3 27. Nd2 Qb4 28. Qxb4 Nxb4 29. Rd6 Re8 30. Nc4 Kc7 31. Ne2 Nc6 32. Rd5 Ne7 33. Rd6 Nc8 34. Rd5 Re6 35. f4 Ne7 36. fxe5 fxe5 37. Ng3 Nxd5 38. exd5 Rd6 39. Nxd6 Kxd6 40. Ne2 Kxd5 41. g4 hxg4 42. Kg3 Nf6 43. b3 d3 0-1

[Event "Grand Pacific op"]
[Site "Victoria CAN"]
[Date "2012.04.08"]
[Round "4"]
[White "Sanetullaev, Alisher"]
[Black "Cao, Jason"]
[Result "1-0"]
[WhiteElo "2150"]
[BlackElo "2033"]
[PlyCount "77"]
[GameId "2160767909509891"]
[EventDate "2012.04.06"]
[EventType "swiss"]
[EventRounds "6"]
[EventCountry "CAN"]

1. e4 c5 2. Nf3 d6 3. d4 cxd4 4. Nxd4 Nf6 5. Nc3 a6 6. Bg5 e6 7. f4 Be7 8. Qf3 h6 9. Bh4 Qc7 10. Bg3 b5 11. e5 Bb7 12. Qd3 Nd5 13. Nxd5 Bxd5 14. Nf5 Nc6 15. Nxd6+ Bxd6 16. exd6 Qxd6 17. c3 O-O 18. Be2 Ne7 19. f5 Qc6 20. f6 Bc4 21. fxe7 Bxd3 22. exf8=Q+ Rxf8 23. Bxd3 Qd5 24. Bc2 b4 25. O-O bxc3 26. bxc3 Qc5+ 27. Kh1 Qxc3 28. Rac1 Qb4 29. Bb3 a5 30. Rc4 Qb5 31. Rcf4 Qc6 32. Be1 Qb6 33. Bc3 Qc5 34. Bb2 Qb5 35. Ba3 e5 36. Bxf7+ Kh8 37. Bc4 Qxc4 38. Rxf8+ Kh7 39. Bb2 1-0

[Event "Grand Pacific op"]
[Site "Victoria CAN"]
[Date "2012.04.08"]
[Round "4"]
[White "Trochtchanovitch, Pavel"]
[Black "Brodie, Hugh"]
[Result "1-0"]
[WhiteElo "2091"]
[BlackElo "1863"]
[PlyCount "97"]
[GameId "2160767909509893"]
[EventDate "2012.04.06"]
[EventType "swiss"]
[EventRounds "6"]
[EventCountry "CAN"]
[SourceTitle "hb 2012"]

1. e4 c5 2. Nf3 Nc6 3. d4 cxd4 4. Nxd4 g6 5. Be3 Bg7 6. Qd2 Nf6 7. Nc3 O-O 8. Be2 d5 9. Nxc6 bxc6 10. e5 Nd7 11. f4 e6 12. O-O f6 13. exf6 Bxf6 14. Kh1 Kh8 15. Bd4 Bb7 16. Na4 e5 17. fxe5 Bxe5 18. Nc5 Nxc5 19. Bxe5+ Kg8 20. Rxf8+ Qxf8 21. Rf1 Qe7 22. Qf4 Ne6 23. Qg3 Rf8 24. Re1 Qg5 25. Bg4 Ng7 26. h4 Qd8 27. h5 Nf5 28. Qh3 Qg5 29. hxg6 Qxg6 30. Kh2 Bc8 31. Rf1 Be6 32. Rf3 h6 33. Bd6 Rf6 34. Rb3 Kh7 35. Be5 Rf8 36. Rb7+ Kg8 37. Bh5 Qg5 38. Bg4 Rf7 39. Rb8+ Rf8 40. Rb7 Rf7 41. Rxf7 Kxf7 42. Qh5+ Ke7 43. Qxg5+ hxg5 44. Be2 Nd6 45. Bd4 a5 46. a4 Bf5 47. Bd1 Nb7 48. Kg3 c5 49. Be3 1-0

[Event "Grand Pacific op"]
[Site "Victoria CAN"]
[Date "2012.04.08"]
[Round "5"]
[White "Brodie, Hugh"]
[Black "Lee, Andrew"]
[Result "1/2-1/2"]
[WhiteElo "1863"]
[BlackElo "1646"]
[PlyCount "51"]
[GameId "2160767909509894"]
[EventDate "2012.04.06"]
[EventType "swiss"]
[EventRounds "6"]
[EventCountry "CAN"]
[SourceTitle "hb 2012"]

1. e4 c5 2. Nc3 Nc6 3. g3 g6 4. Bg2 Bg7 5. d3 d6 6. f4 e6 7. Nh3 Nge7 8. O-O O-O 9. Be3 Rb8 10. Qd2 b5 11. Rae1 Bd7 12. g4 f5 13. gxf5 exf5 14. e5 dxe5 15. Bxc5 Re8 16. fxe5 Nxe5 17. Nd5 Nxd5 18. Bxd5+ Be6 19. Bxe6+ Rxe6 20. Qf4 Qd7 21. Ng5 Ree8 22. d4 Nc6 23. c3 Rbc8 24. Qd6 Qxd6 25. Bxd6 Bf8 26. Bxf8 1/2-1/2

[Event "Grand Pacific op"]
[Site "Victoria CAN"]
[Date "2012.04.08"]
[Round "5"]
[White "Chek, Adrian Carl"]
[Black "Han, Yiming"]
[Result "1/2-1/2"]
[WhiteElo "2089"]
[BlackElo "1962"]
[PlyCount "175"]
[GameId "2160767909509895"]
[EventDate "2012.04.06"]
[EventType "swiss"]
[EventRounds "6"]
[EventCountry "CAN"]

1. c4 e5 2. g3 Nc6 3. Bg2 Nf6 4. Nc3 Bc5 5. e3 O-O 6. Nge2 Re8 7. O-O Bf8 8. d3 d6 9. a3 Ne7 10. b4 c5 11. Bb2 Nc6 12. b5 Ne7 13. Qb3 Rb8 14. a4 b6 15. a5 Qc7 16. axb6 axb6 17. h3 Bb7 18. Ra7 Nc8 19. Ra4 Bxg2 20. Kxg2 Qb7+ 21. e4 Nh5 22. g4 Nf4+ 23. Nxf4 exf4 24. Nd5 Ne7 25. Nxf4 f5 26. f3 fxg4 27. fxg4 Ra8 28. Rfa1 h6 29. Qc3 Rxa4 30. Rxa4 Nc8 31. Ra1 Qf7 32. Rf1 Re5 33. Bc1 Be7 34. Nd5 Qg6 35. Bf4 Re6 36. Bg3 Bf6 37. Nxf6+ gxf6 38. Qd2 Ne7 39. Ra1 h5 40. Ra8+ Kf7 41. Qf4 Re5 42. gxh5 Rxh5 43. Ra7 Re5 44. Kf2 Ke8 45. Bh4 Re6 46. Rb7 Nc8 47. Qf5 Qxf5+ 48. exf5 Re5 49. Kf3 Rxf5+ 50. Ke4 Re5+ 51. Kf4 Ne7 52. Rxb6 Ng6+ 53. Kg4 Ke7 54. Bg3 f5+ 55. Kf3 Re6 56. Rb7+ Kf6 57. Ra7 Nf8 58. Bh4+ Ke5 59. Bf2 Re8 60. Ra1 Ne6 61. Re1+ Kf6 62. Bh4+ Kf7 63. Rb1 Rh8 64. Bg3 Nd4+ 65. Kg2 Ke6 66. b6 Kd7 67. b7 Rb8 68. h4 Nc6 69. Bf4 Nb4 70. Rd1 Rxb7 71. h5 Rb8 72. h6 Rh8 73. d4 Ke7 74. dxc5 dxc5 75. Bd6+ Kf7 76. Bxc5 Nc6 77. Be3 Ne5 78. c5 Ng4 79. Bf4 Nxh6 80. c6 Ke6 81. Rd6+ Ke7 82. c7 Nf7 83. Rd1 Ra8 84. Rd2 Rc8 85. Kf3 Ke8 86. Bg3 Nd8 87. cxd8=Q+ Rxd8 88. Rxd8+ 1/2-1/2

[Event "Grand Pacific op"]
[Site "Victoria CAN"]
[Date "2012.04.08"]
[Round "5"]
[White "Daswani, Benedict"]
[Black "Moffat, Andrei"]
[Result "0-1"]
[WhiteElo "2014"]
[BlackElo "2105"]
[PlyCount "70"]
[GameId "2160767909509896"]
[EventDate "2012.04.06"]
[EventType "swiss"]
[EventRounds "6"]
[EventCountry "CAN"]
[SourceTitle "CBM 147 Extra"]
[Source "ChessBase"]
[SourceDate "2012.04.24"]
[SourceVersion "1"]
[SourceVersionDate "2012.04.24"]
[SourceQuality "1"]

1. g3 d5 2. Bg2 e5 3. d3 Nf6 4. Nf3 Nc6 5. c4 dxc4 6. Qa4 Bb4+ 7. Bd2 Bxd2+ 8. Nbxd2 cxd3 9. Nxe5 O-O 10. Nxc6 bxc6 11. e3 Rb8 12. b3 Bg4 13. O-O Qe7 14. Rfc1 Rb6 15. Rc3 Rd8 16. Bf1 h5 17. Rxd3 Rxd3 18. Bxd3 Qd6 19. Qd4 c5 20. Qc3 Nd5 21. Qc4 Nb4 22. h3 Be6 23. Qe4 Qxd3 24. Qa8+ Kh7 25. Ne4 Qd5 26. Qxd5 Bxd5 27. Nxc5 Rc6 28. Nd7 Rc2 29. a3 Nd3 30. Rd1 Bf3 31. Rf1 Ra2 32. a4 Rb2 33. g4 hxg4 34. hxg4 Bxg4 35. Kg2 Bxd7 0-1

[Event "Grand Pacific op"]
[Site "Victoria CAN"]
[Date "2012.04.08"]
[Round "5"]
[White "Laceste, Loren"]
[Black "Haynes, Nicolas"]
[Result "0-1"]
[WhiteElo "2318"]
[BlackElo "2192"]
[PlyCount "90"]
[GameId "2160767909509897"]
[EventDate "2012.04.06"]
[EventType "swiss"]
[EventRounds "6"]
[EventCountry "CAN"]
[SourceTitle "CBM 147 Extra"]
[Source "ChessBase"]
[SourceDate "2012.04.24"]
[SourceVersion "1"]
[SourceVersionDate "2012.04.24"]
[SourceQuality "1"]

1. d4 Nf6 2. Nf3 g6 3. g3 Bg7 4. Bg2 O-O 5. O-O d6 6. Nc3 Nbd7 7. e4 e5 8. dxe5 dxe5 9. Qe2 c6 10. h3 Qb6 11. Nd2 Re8 12. Nb3 a5 13. Be3 Qc7 14. a4 b6 15. Rfd1 Ba6 16. Qe1 Bf8 17. f4 c5 18. Qf2 c4 19. fxe5 cxb3 20. exf6 bxc2 21. Qxc2 Qxg3 22. Bf2 Qc7 23. Qd2 Nc5 24. Nd5 Qe5 25. Qc3 Qg5 26. Be3 Qg3 27. Bd4 Qg5 28. Be3 Qg3 29. Bf2 Qg5 30. h4 Qg4 31. Ne3 Qe6 32. e5 Rac8 33. Qe1 Qxe5 34. Nd5 Qh5 35. Ne7+ Bxe7 36. fxe7 Nd3 37. Rxd3 Bxd3 38. Rd1 Bc2 39. Rd5 Qg4 40. Bd4 Bb3 41. Qe5 Rc1+ 42. Kh2 Qxh4+ 43. Bh3 Rc2+ 44. Kg1 f6 45. Be6+ Kg7 0-1

[Event "Grand Pacific op"]
[Site "Victoria CAN"]
[Date "2012.04.08"]
[Round "5"]
[White "Nakamura, Hikaru"]
[Black "Maisuradze, Nino"]
[Result "1-0"]
[WhiteElo "2771"]
[BlackElo "2320"]
[PlyCount "67"]
[GameId "2160767909509898"]
[EventDate "2012.04.06"]
[EventType "swiss"]
[EventRounds "6"]
[EventCountry "CAN"]
[SourceTitle "CBM 147 Extra"]
[Source "ChessBase"]
[SourceDate "2012.04.24"]
[SourceVersion "1"]
[SourceVersionDate "2012.04.24"]
[SourceQuality "1"]

1. e4 c5 2. Nc3 Nc6 3. Nge2 e5 4. Nd5 Nge7 5. Nec3 Nxd5 6. Nxd5 Ne7 7. Ne3 d6 8. Bc4 Be6 9. d3 Qd7 10. O-O g6 11. a4 Bg7 12. Bb5 Nc6 13. Nd5 O-O 14. a5 Kh8 15. a6 b6 16. c3 Qc8 17. f4 f5 18. Qa4 Nd8 19. Bd2 Nf7 20. Rae1 Qd8 21. Kh1 g5 22. Bc6 Rb8 23. exf5 Bxf5 24. fxg5 Bxd3 25. Rf6 Bxf6 26. Nxf6 Nxg5 27. Nd7 b5 28. Qd1 Rg8 29. Nxb8 Bf5 30. Bd5 Rg7 31. Nc6 Qf6 32. Rf1 Qg6 33. Bxg5 Qxg5 34. Qf3 1-0

[Event "Grand Pacific op"]
[Site "Victoria CAN"]
[Date "2012.04.08"]
[Round "5"]
[White "Novak, Frantisek"]
[Black "Gluckie, Jamin"]
[Result "0-1"]
[WhiteElo "1980"]
[BlackElo "2098"]
[PlyCount "48"]
[GameId "2160767909509899"]
[EventDate "2012.04.06"]
[EventType "swiss"]
[EventRounds "6"]
[EventCountry "CAN"]
[SourceTitle "CBM 147 Extra"]
[Source "ChessBase"]
[SourceDate "2012.04.24"]
[SourceVersion "1"]
[SourceVersionDate "2012.04.24"]
[SourceQuality "1"]

1. e4 e6 2. Nc3 d5 3. d4 Bb4 4. e5 Ne7 5. Nf3 c5 6. dxc5 Nbc6 7. Bd2 Ng6 8. Bb5 Bxc5 9. Qe2 O-O 10. O-O-O a6 11. Bd3 Nb4 12. Bxg6 fxg6 13. Be3 Be7 14. Nd4 Bd7 15. f4 Rc8 16. g4 Rxc3 17. bxc3 Nxa2+ 18. Kb2 Qa5 19. Rd3 Qa3+ 20. Kb1 Nxc3+ 21. Rxc3 Qxc3 22. Nb3 Rc8 23. Bd4 Qb4 24. f5 a5 0-1

[Event "Grand Pacific op"]
[Site "Victoria CAN"]
[Date "2012.04.08"]
[Round "5"]
[White "Patterson, Roger"]
[Black "Kenney, Jason"]
[Result "1/2-1/2"]
[WhiteElo "2107"]
[BlackElo "2143"]
[PlyCount "58"]
[GameId "2160767909509900"]
[EventDate "2012.04.06"]
[EventType "swiss"]
[EventRounds "6"]
[EventCountry "CAN"]
[SourceTitle "CBM 147 Extra"]
[Source "ChessBase"]
[SourceDate "2012.04.24"]
[SourceVersion "1"]
[SourceVersionDate "2012.04.24"]
[SourceQuality "1"]

1. e4 c5 2. Nf3 d6 3. d4 cxd4 4. Nxd4 Nf6 5. Nc3 a6 6. Be2 e5 7. Nb3 Be6 8. O-O Be7 9. Kh1 Nbd7 10. f4 Qc7 11. Be3 Rc8 12. Rc1 O-O 13. g4 exf4 14. Bxf4 Ne5 15. g5 Nfd7 16. Nd4 Rfe8 17. Nf5 Bf8 18. Nd5 Bxd5 19. Qxd5 g6 20. Ng3 Qc6 21. c4 Nb6 22. Qxc6 Rxc6 23. b3 Nbd7 24. Rcd1 a5 25. Rd5 Ra8 26. Rc1 Be7 27. Kg2 b6 28. h3 Nc5 29. h4 Ne6 1/2-1/2

[Event "Grand Pacific op"]
[Site "Victoria CAN"]
[Date "2012.04.08"]
[Round "5"]
[White "Raymer, Elliot"]
[Black "Aquino, Manfrei"]
[Result "1-0"]
[WhiteElo "1715"]
[BlackElo "1873"]
[PlyCount "83"]
[GameId "2160767909509901"]
[EventDate "2012.04.06"]
[EventType "swiss"]
[EventRounds "6"]
[EventCountry "CAN"]

1. e4 e5 2. Nf3 Nc6 3. Bc4 Bc5 4. d3 Nf6 5. Nc3 O-O 6. Bg5 Be7 7. h3 d6 8. Qd2 Na5 9. Bb3 Nxb3 10. axb3 Be6 11. d4 exd4 12. Nxd4 Bd7 13. O-O-O a5 14. Nf5 Bxf5 15. exf5 Qd7 16. g4 b5 17. Bxf6 Bxf6 18. Nd5 Qd8 19. f4 Re8 20. g5 Be7 21. Rhg1 a4 22. f6 axb3 23. cxb3 Ra1+ 24. Kc2 Rxd1 25. Qxd1 Bf8 26. fxg7 Bxg7 27. Qh5 Re6 28. f5 Re5 29. Nf6+ Kf8 30. Nxh7+ Ke8 31. g6 Qd7 32. gxf7+ Qxf7 33. Rxg7 Qxh5 34. Nf6+ Kf8 35. Nxh5 Rxf5 36. Rh7 Rf2+ 37. Kb1 Rf3 38. Rxc7 Rxh3 39. Nf6 Rxb3 40. Ne4 d5 41. Nc5 Rb4 42. Rd7 1-0

[Event "Grand Pacific op"]
[Site "Victoria CAN"]
[Date "2012.04.08"]
[Round "5"]
[White "Sanetullaev, Alisher"]
[Black "Davies, Lucas"]
[Result "1/2-1/2"]
[WhiteElo "2150"]
[BlackElo "2217"]
[PlyCount "89"]
[GameId "2160767909509902"]
[EventDate "2012.04.06"]
[EventType "swiss"]
[EventRounds "6"]
[EventCountry "CAN"]

1. d4 Nf6 2. c4 g6 3. Nc3 Bg7 4. e4 d6 5. Be2 O-O 6. Nf3 e5 7. O-O Nc6 8. d5 Ne7 9. b4 Nh5 10. Re1 f5 11. Ng5 Nf6 12. Bf3 h6 13. Ne6 Bxe6 14. dxe6 fxe4 15. Nxe4 Nxe4 16. Bxe4 c6 17. b5 Rf6 18. Ba3 Rxe6 19. Qg4 Rf6 20. Rad1 Qa5 21. Rd3 Rd8 22. bxc6 bxc6 23. Red1 Kh8 24. Qe2 Qc7 25. Qd2 Nc8 26. h4 Qf7 27. Qc2 Qd7 28. Rg3 Ne7 29. Rgd3 Nc8 30. Qa4 Nb6 31. Qa6 Qg4 32. Bxc6 Qxh4 33. Bc5 Qxc4 34. Qxc4 Nxc4 35. Bb5 Rc8 36. Bxd6 e4 37. Rd4 Nxd6 38. Rxd6 Rxd6 39. Rxd6 Rc1+ 40. Bf1 Ra1 41. Rxg6 Rxa2 42. Re6 Bd4 43. Rxe4 Bxf2+ 44. Kh2 Rb2 45. Re2 1/2-1/2

[Event "Grand Pacific op"]
[Site "Victoria CAN"]
[Date "2012.04.08"]
[Round "5"]
[White "Sohal, Tanraj"]
[Black "Kostadinov, George"]
[Result "1-0"]
[WhiteElo "2096"]
[BlackElo "2097"]
[PlyCount "99"]
[GameId "2160767909509903"]
[EventDate "2012.04.06"]
[EventType "swiss"]
[EventRounds "6"]
[EventCountry "CAN"]
[SourceTitle "CBM 147 Extra"]
[Source "ChessBase"]
[SourceDate "2012.04.24"]
[SourceVersion "1"]
[SourceVersionDate "2012.04.24"]
[SourceQuality "1"]

1. d4 c5 2. d5 f5 3. c4 Nf6 4. Nc3 g6 5. g3 Bg7 6. Bg2 d6 7. Nf3 Na6 8. O-O O-O 9. Nd2 Nc7 10. Rb1 Rb8 11. Qc2 b5 12. cxb5 Nxb5 13. Nxb5 Rxb5 14. Nc4 Ne4 15. f3 Nf6 16. Rd1 Bd7 17. b3 Qb8 18. Bb2 Rc8 19. Bc3 Qc7 20. Qd2 Qd8 21. Rf1 Kh8 22. e4 Qg8 23. Rbe1 fxe4 24. fxe4 Ng4 25. e5 Nxe5 26. Nxe5 dxe5 27. Rxe5 Re8 28. Rfe1 Qf8 29. Rf1 Qg8 30. Re3 Bxc3 31. Qxc3+ Qg7 32. Qc4 Qd4 33. Rfe1 Rb4 34. Qxd4+ Rxd4 35. Bf3 a5 36. Rxe7 Rxe7 37. Rxe7 Rd3 38. Rxd7 Rxf3 39. Ra7 Rd3 40. Rxa5 Rxd5 41. a4 Rd3 42. Rb5 Rc3 43. Kf2 c4 44. b4 Rb3 45. a5 c3 46. Ke2 Ra3 47. Kd3 Ra2 48. Kxc3 Rxh2 49. a6 Ra2 50. Ra5 1-0

[Event "Grand Pacific op"]
[Site "Victoria CAN"]
[Date "2012.04.08"]
[Round "5"]
[White "Yoos, John"]
[Black "Trochtchanovitch, Pavel"]
[Result "1-0"]
[WhiteElo "2344"]
[BlackElo "2038"]
[PlyCount "73"]
[GameId "2160767909509905"]
[EventDate "2012.04.06"]
[EventType "swiss"]
[EventRounds "6"]
[EventCountry "CAN"]
[SourceTitle "CBM 147 Extra"]
[Source "ChessBase"]
[SourceDate "2012.04.24"]
[SourceVersion "1"]
[SourceVersionDate "2012.04.24"]
[SourceQuality "1"]

1. e4 e5 2. f4 exf4 3. Nf3 d6 4. Bc4 Nc6 5. d4 Qe7 6. O-O Bd7 7. Bxf4 O-O-O 8. Nc3 f6 9. Qd3 Kb8 10. a4 g5 11. Bg3 h5 12. a5 g4 13. Nh4 Qe8 14. Nd5 Bg7 15. c3 Nge7 16. Nxf6 Bxf6 17. Rxf6 Rf8 18. Rxf8 Qxf8 19. b4 Nc8 20. b5 N6e7 21. Qd2 Qg7 22. Qa2 Ng6 23. b6 Nxh4 24. bxc7+ Kxc7 25. Bxh4 Rf8 26. e5 Qh6 27. Re1 dxe5 28. dxe5 Kb8 29. e6 Bc6 30. e7 Re8 31. Bf7 Nd6 32. Bxe8 Nxe8 33. Qf2 Bd7 34. Qd4 Qc6 35. Bg3+ Ka8 36. Qe5 Qc8 37. Rd1 1-0

[Event "Grand Pacific op"]
[Site "Victoria CAN"]
[Date "2012.04.09"]
[Round "6"]
[White "Brodie, Hugh"]
[Black "Wu, Ruining (Ray)"]
[Result "0-1"]
[WhiteElo "1863"]
[BlackElo "1668"]
[PlyCount "109"]
[GameId "2160767909509906"]
[EventDate "2012.04.06"]
[EventType "swiss"]
[EventRounds "6"]
[EventCountry "CAN"]
[SourceTitle "hb 2012"]

1. e4 c6 2. d3 d5 3. Nd2 e5 4. Ngf3 Bd6 5. g3 Nf6 6. Bg2 O-O 7. O-O h6 8. Re1 Re8 9. Nf1 d4 10. h3 Bb4 11. Bd2 Qb6 12. Rb1 Bxd2 13. Qxd2 Nbd7 14. Nh4 Nf8 15. f4 exf4 16. gxf4 Ng6 17. Nxg6 fxg6 18. Ng3 Be6 19. b3 Qc7 20. Rf1 Rf8 21. Rf3 Nd7 22. Rbf1 Rae8 23. f5 Ne5 24. R3f2 gxf5 25. Nxf5 Bxf5 26. Rxf5 Rxf5 27. Rxf5 c5 28. Qf4 Qe7 29. Qg3 Qe6 30. h4 b6 31. Qf4 Nc6 32. a3 Ne5 33. Bh3 Qe7 34. Qg3 Qd6 35. Qf4 a6 36. Kh1 Qe7 37. Qg3 Nd7 38. Rd5 Ne5 39. Bf5 a5 40. Bg6 Nxg6 41. Qxg6 Qxh4+ 42. Kg2 Rf8 43. Rf5 Rxf5 44. Qxf5 Qf6 45. Qd5+ Kf8 46. e5 Qe7 47. Qf3+ Ke8 48. Qc6+ Kf7 49. Qd5+ Qe6 50. Qf3+ Kg8 51. Qa8+ Kh7 52. Qe4+ Qg6+ 53. Kf3 Qxe4+ 54. Kxe4 Kg6 55. Kd5 0-1

[Event "Grand Pacific op"]
[Site "Victoria CAN"]
[Date "2012.04.09"]
[Round "6"]
[White "Chan, James"]
[Black "Chek, Adrian Carl"]
[Result "1-0"]
[WhiteElo "2012"]
[BlackElo "2089"]
[PlyCount "93"]
[GameId "2160767909509907"]
[EventDate "2012.04.06"]
[EventType "swiss"]
[EventRounds "6"]
[EventCountry "CAN"]
[SourceTitle "CBM 147 Extra"]
[Source "ChessBase"]
[SourceDate "2012.04.24"]
[SourceVersion "1"]
[SourceVersionDate "2012.04.24"]
[SourceQuality "1"]

1. e4 e5 2. Nf3 Nc6 3. Bb5 a6 4. Ba4 Nf6 5. O-O Nxe4 6. d4 b5 7. Bb3 d5 8. dxe5 Be6 9. c3 Bc5 10. Qd3 O-O 11. Be3 Bxe3 12. Qxe3 f6 13. Nd4 Nxd4 14. cxd4 fxe5 15. dxe5 Qe7 16. Nd2 Nxd2 17. Qxd2 c6 18. Kh1 Kh8 19. f4 c5 20. Bc2 d4 21. Be4 Rad8 22. Qc2 c4 23. Rae1 d3 24. Qd2 g6 25. a3 Qc7 26. Qc3 Kg8 27. Rd1 Qb6 28. h3 a5 29. Qd2 Bf5 30. Bf3 b4 31. g4 Bc8 32. f5 gxf5 33. gxf5 Bxf5 34. Rg1+ Kh8 35. Qg5 Qg6 36. Qh4 Qe6 37. Rg5 Rg8 38. Rdg1 Rxg5 39. Rxg5 d2 40. Rg1 Rd7 41. Qf4 c3 42. bxc3 bxc3 43. Bg4 Rf7 44. Bd1 Bxh3 45. Qg3 Rc7 46. Bc2 Rf7 47. Qg8# 1-0

[Event "Grand Pacific op"]
[Site "Victoria CAN"]
[Date "2012.04.09"]
[Round "6"]
[White "Davies, Lucas"]
[Black "Patterson, Roger"]
[Result "1-0"]
[WhiteElo "2171"]
[BlackElo "2107"]
[PlyCount "33"]
[GameId "2160767909509908"]
[EventDate "2012.04.06"]
[EventType "swiss"]
[EventRounds "6"]
[EventCountry "CAN"]
[SourceTitle "CBM 147 Extra"]
[Source "ChessBase"]
[SourceDate "2012.04.24"]
[SourceVersion "1"]
[SourceVersionDate "2012.04.24"]
[SourceQuality "1"]

1. e4 e5 2. Nf3 Nc6 3. Bb5 a6 4. Ba4 Nf6 5. O-O b5 6. Bb3 Bc5 7. Re1 d6 8. c3 O-O 9. h3 Bb6 10. d4 Bd7 11. Bg5 h6 12. Bh4 Re8 13. Qd3 g5 14. Nxg5 hxg5 15. Bxg5 exd4 16. Qg3 Kg7 17. Bh4+ 1-0

[Event "Grand Pacific op"]
[Site "Victoria CAN"]
[Date "2012.04.09"]
[Round "6"]
[White "Dimitrijevic, Darko"]
[Black "Raymer, Elliot"]
[Result "1/2-1/2"]
[WhiteElo "2041"]
[BlackElo "1715"]
[PlyCount "62"]
[GameId "2160767909509909"]
[EventDate "2012.04.06"]
[EventType "swiss"]
[EventRounds "6"]
[EventCountry "CAN"]

1. e4 e5 2. Nf3 Nc6 3. Bb5 a6 4. Ba4 Nf6 5. O-O d6 6. Re1 Bg4 7. d3 b5 8. Bb3 Na5 9. Bg5 h6 10. Be3 Nxb3 11. axb3 c5 12. Nbd2 Be7 13. Nf1 O-O 14. h3 Be6 15. Qd2 Kh7 16. g4 Rg8 17. Ng3 d5 18. Qc1 d4 19. Bd2 Nd7 20. Ra5 b4 21. Ra2 Bh4 22. Kg2 Bxg3 23. fxg3 g5 24. Rh1 f6 25. Qd1 Kg6 26. Nh2 a5 27. Qf3 Nb6 28. Raa1 Rh8 29. h4 Qd7 30. Rhf1 Rhf8 31. Qe2 Qe7 1/2-1/2